Statistics for Logo Brand Names #1

Click here to take the quiz!

General Stats

  • This quiz has been taken 263 times
  • The average score is 15 of 16

Answer Stats

Answer% Correct
Apple
100%
KFC
100%
McDonalds
100%
Nike
100%
Starbucks
100%
Youtube
99%
Adidas
98%
Lego
98%
Coca-cola / Coke
97%
Pringles
97%
Taco Bell
97%
Visa
97%
Shell
95%
Target
94%
Pizza Hut
93%
AT&T
64%

Score Distribution

Percentile by Number Answered

Percent of People with Each Score

Your Score History

You have not taken this quiz